000 00550nam a2200193 4500
005 20241024144635.0
010 _aENG-142421
020 _c990.00
_a9788194676225
035 _aEN-125953
037 _bDBAD
082 _aN
100 _aAhmadu, Irimiya Ezekiel
_973389
245 _aThe Sorrows Of Linda/
_bIrimiya Ezekiel Ahmadu
250 _aFirst
260 _bExceller Books
_aKolkata
_c2020
270 _aG1, Dream Apartment, Degree College Road,Belgharia
_bKolkata
_e700056
300 _a227p.
_c21cm(hb)
942 _2ddc
_cEN
_hN
_mAHM
_e2020
999 _c206711
_d206711